Instruccion christiana de principes, y reyes (Record no. 187475)
[ view plain ]
| 000 -LEADER | |
|---|---|
| campo de control de longitud fija | 01154nam a2200265 i 4500 |
| 001 - NÚMERO DE CONTROL | |
| campo de control | 187475 |
| 003 - IDENTIFICADOR DE NÚMERO DE CONTROL | |
| campo de control | ES-MaACL |
| 005 - FECHA Y HORA DE LA ÚLTIMA TRANSACCIÓN | |
| campo de control | 20250828023500.0 |
| 008 - DATOS DE LONGITUD FIJA--INFORMACIÓN GENERAL | |
| campo de control de longitud fija | 170822s1688 it |||| | spa d |
| 100 1# - ENTRADA PRINCIPAL--NOMBRE DE PERSONA | |
| Nombre de persona | Carafa, Carlo Maria ( |
| Fechas asociadas al nombre | 1651-1695) |
| 9 (RLIN) | 34936 |
| 245 10 - MENCIÓN DEL TÍTULO | |
| Título | Instruccion christiana de principes, y reyes |
| Resto del título | : sacada de la Escritura diuina / |
| Mención de responsabilidad, etc. | por Carlos Maria Carafa. |
| 250 ## - MENCION DE EDICION | |
| Mención de edición | Dos veces impressa en el ydioma toscano, y esta tercera en Español. |
| 260 ## - PUBLICACIÓN, DISTRIBUCIÓN, ETC. | |
| Lugar de publicación, distribución, etc. | Palermo : |
| Nombre del editor, distribuidor, etc. | por Thomas Romolo..., |
| Fecha de publicación, distribución, etc. | 1688. |
| 300 ## - DESCRIPCIÓN FÍSICA | |
| Extensión | 9 h., 2 lám., 392 p., 2 h. ; |
| Dimensiones | 21 cm. |
| 530 ## - NOTA DISPONIBLE DE FORMULARIO FÍSICO ADICIONAL | |
| Nota de formato físico adicional disponible | Disponible en formato digital. |
| 597 ## - NOTA DE DESCRIPCIÓN FÍSICA | |
| NOTA DE DESCRIPCIÓN FÍSICA | Anteportada. |
| 597 ## - NOTA DE DESCRIPCIÓN FÍSICA | |
| NOTA DE DESCRIPCIÓN FÍSICA | Port. fileteada. |
| 599 ## - NOTA A LAS ILUSTRACIONES | |
| NOTA A LAS ILUSTRACIONES | Frontis grabado por Blondeau y retr. de Carlos Maria Carafa por el mismo grabador en la hoja siguiente a la portada. |
| 650 #7 - PUNTO DE ACCESO ADICIONAL DE MATERIA--TÉRMINO DE MATERIA | |
| Término de materia o nombre geográfico como elemento de entrada | Educación de príncipes |
| Fuente del encabezamiento o término | embne |
| 9 (RLIN) | 12100 |
| 650 #7 - PUNTO DE ACCESO ADICIONAL DE MATERIA--TÉRMINO DE MATERIA | |
| Término de materia o nombre geográfico como elemento de entrada | Ética política |
| Fuente del encabezamiento o término | embne |
| 9 (RLIN) | 136540 |
| 700 1# - ENTRADA AGREGADA--NOMBRE PERSONAL | |
| Nombre de persona | Blondeau, Jacques. |
| 9 (RLIN) | 29543 |
| 852 ## - LOCALIZACIÓN | |
| Ubicación | ES-MaACL |
| Número de control de estantería | R-338 |
| Nota libre | - Enc. perg. |
| Encuadernación | Olim: D-811 |
| 856 ## - LOCALIZACIÓN Y ACCESO ELECTRÓNICOS | |
| Identificador Uniforme de Recursos | <a href="http://bdh-rd.bne.es/viewer.vm?id=0000088758&page=1 ">http://bdh-rd.bne.es/viewer.vm?id=0000088758&page=1 </a> |
| Nota pública | Biblioteca Digital Hispánica |
| Estatus retirado | Estado de pérdida | Estado de daño | No para préstamo | Colección | Biblioteca de origen | Biblioteca actual | Ubicación en estantería | Fecha de adquisición | Fuente de adquisición | Total de préstamos | Signatura topográfica completa | Código de barras | Visto por última vez | Precio de reemplazo | Tipo de ítem Koha |
|---|---|---|---|---|---|---|---|---|---|---|---|---|---|---|---|
| Colección digital | Biblioteca del Ateneo de Madrid | Biblioteca del Ateneo de Madrid | Depósito | 22/08/2017 | R-338 | 1197936 | 23/02/2023 | 23/02/2023 | Libro impreso antiguo |
